1817 1204 1124 1293 1478 1669 1007 1563 1277 1173 1977 1141 1159 1193 1602 1064 1159 1335 1001 1053 1538 1298 1131 1123 1610 1804 1530 1785 1302 1861 1653 1324 1194 1095 1287 1676 1871 1370 1837 1411 1791 1031 1160 1011 1795 1367 1798 1260 1350 1188 1504 1462 1839 1378 1327 1121 1004 1439 1970 1627 1322 1213 1686 1112 1830 1673 1165 1709 1968 1680 1877 1413 1954 1045 1302 1689 1667 1746 1375 1387 1158 1538 1195 1327 1333 1458 1808 1090 1723 1685 1809 1651 1275 1827 1253 1854 1274 1735 1638 BCNSPRNW ULIB Ver.6.0+V

เปลี่ยนเป็นภาษาไทย

Change to English
 แสดงรายละเอียดบรรณานุกรม
  กลับหน้าหลัก

Brief Record : Get Marc (ISO 2709) : E-mail record : QR code < ปิดหน้าต่าง
LEADER : 00000nam 2200000uu 4500
001    13399121333
003     ULIB
008    020711s2550 th a 000 0 tha d
020    9789740901906
060 04 WM274^bส254ส
100    สมบัติ ตรีประเสริฐสุข
245    ศาสตร์และศิลป์ของการดูแลผู้ป่วยที่มีปัญหาจากการดื่มสุราในเวชปฏิบัติทั่วไป/^cสมบัติ ตรีประเสริฐสุข
250    พิมพ์ครั้งที่ 1
260    กรุงเทพฯ :^bหมอชาวบ้าน,^c2550
300    192 หน้า
945    ^p0^l0^i16182
999    ^aทศพร เกษรทอง
รายการนี้ยังไม่มีแท็ก
คุณยังไม่ได้ล็อกอิน คุณสามารถมีกิจกรรมร่วมกับเว็บไซต์ได้ แต่ต้องล็อกอินก่อน ::
  ล็อกอิน

รายการสื่อสารสนเทศ

ลำดับที่ ประเภท เลขเรียก/บาร์โค้ด สถานที่ สถานะ
- ไม่พบข้อมูล -

BibComment


ยังไม่เคยถูกคอมเมนท์

คอมเมนท์ทรัพยากรรายการนี้
  คอมเมนท์: ศาสตร์และศิลป์ของ..


 Copyright 2026. Bcnsprnw @Library